| 000 | 00752nam a22002297a 4500 | ||
|---|---|---|---|
| 999 |
_c1369 _d1369 |
||
| 003 | AR-CdUCM | ||
| 008 | 190226b ||||| |||| 00| 0 spa d | ||
| 040 |
_aMUNICIPALIDAD PROVINCIAL DEL CUSCO _cBIBLIOTECA MUNICIPAL DEL CUSCO |
||
| 082 |
_a808.81 / _bAV92 |
||
| 100 |
_aAvila Jimenez, Antonio _95230 |
||
| 245 |
_aObras Completas / _cAvila Jimenez, Antonio |
||
| 260 |
_aLa Paz : _bCasa de la Cultura, _c1988. |
||
| 300 |
_a189 paginas ; _c25cm. |
||
| 505 | _aProemio -- Cronos -- Azulejos -- Signo -- Almas... | ||
| 650 |
_aLiteratura _983 |
||
| 650 |
_aObras Completas _95231 |
||
| 650 |
_aHistorias _92725 |
||
| 700 |
_aOrias Luna, Guido _94551 |
||
| 700 |
_aMiranda CastaƱon, Edmundo _95232 |
||
| 942 |
_2ddc _cLIBROS |
||
| 945 |
_apjha _d2019-02-26 |
||